000 00720nam a22002537a 4500
003 CHAP
005 20220329134549.0
008 971013s1980 r 00010 d
010 _a22267
011 _a23239
035 _a27335
040 _cCHAP
082 _a634.8
_bB6
100 0 0 _aBovey, Rene.
_914814
245 _aVirus and virus-like diseases of grape-vine colour atlas of symptoms
260 _aLausanne :
_bPayot,
_c1980
300 _a181 p.
_b: ilus.
590 _aBATCH-UPD
_b10
_c20130110
_lUCH01
_h2130
590 _aCONVERSION
_b10
_c20130109
_lUCH01
_h1313
650 1 4 _aUva
_xEnfermedades.
_9117126
901 _aBK
942 _cLIBRO
949 _a634.8 B6
_bBC
_cC
_d33724000649893
_eC
_h57942
_i27335
_si
999 _c22267
_d22267